00557nam a2200145 a 450000100100000000500170001000800410002702000180006804000250008608200150011124501210012626000560024730000280030371000800033100003560720250211101414.0090701s2007 cl a 000 0 spa d a9789213234341 aDO-SdBNPbspacBNPHU axxxxbE82e00aEstudio económico de América Latina y el Caribe 2009-2010 :bimpacto distributivo de las políticas públicas. aSantiago de Chile, :bNaciones Unidas,CEPAL,c2007. a131 p. :bil. ;c27 cm.2 aNaciones Unidas. bComisión Económica para América Latina y el Caribe